New species of Monstera (Araceae) from French Guiana (Registro n. 328270)
[ somente texto ]
| 000 -LÍDER | |
|---|---|
| fixed length control field | 01645nab a2200265 i 4500 |
| 003 - CÓDIGO MARC DA AGÊNCIA CATALOGADORA | |
| Campo de controle | BR-BrBNA |
| 005 - DATA E HORA DA ÚLTIMA ATUALIZAÇÃO | |
| Campo de controle | 20241024180002.0 |
| 008 - CAMPO DE TAMANHO FIXO | |
| fixed length control field | 241024b2005 bl.qr|pooa||| 00| 0 eng | |
| 040 ## - FONTE DA CATALOGAÇÃO | |
| Agência catalogadora | BR-BrBNA |
| Idioma da catalogação | eng |
| 072 ## - CATEGORIA AGRIS | |
| Código AGRIS | F70 |
| 100 ## - ENTRADA PRINCIPAL - NOME PESSOAL | |
| Nome pessoal | Croat, Thomas B. |
| 100 ## - ENTRADA PRINCIPAL - NOME PESSOAL | |
| Nome pessoal | Moonen, Joep |
| 100 ## - ENTRADA PRINCIPAL - NOME PESSOAL | |
| Nome pessoal | Poncy, Odile |
| 245 ## - TÍTULO PRINCIPAL | |
| Título principal | New species of Monstera (Araceae) from French Guiana |
| 500 ## - NOTA GERAL | |
| Nota geral | Publicação on-line; 1 illus.; Summaries (En, Pt) |
| 942 ## - ADDED ENTRY ELEMENTS (KOHA) | |
| Koha item type | Analítica |
| 520 ## - NOTA DE RESUMO | |
| Nota de conteúdo | <br/><br/>ABSTRACT<br/><br/>(New species of Monstera (Araceae) from French Guiana) A new species of Monstera, M. barrieri Croat,<br/>Moonen & Poncy, is described from French Guiana. The species is characterized by its deeply pinnately<br/>lobed, black-drying blades and the wine-red to orange spadix axis.<br/><br/>Key-words: French Guiana, Monstera, new species. |
| 520 ## - NOTA DE RESUMO | |
| Nota de conteúdo | <br/>RESUMO<br/><br/>(Uma nova espécie de Monstera (Araceae) da Guiana Francesa) O presente trabalho apresenta uma nova<br/>espécie de Monstera nativa da Guiana Francesa, M. barrieri Croat, Moonen & Poncy. A espécie é caracterizada <br/>por apresentar lâmina profundamente lobada, tornando-se negra quando seca e eixo da espádice<br/>vermelho-vináceo a alaranjado.<br/><br/>Palavras-chave: Guiana Francesa, Monstera, espécie nova. |
| 650 ## - ASSUNTO - THESAGRO | |
| Cabeçalho tópico ou nome geográfico | ESPÉCIE |
| 650 ## - ASSUNTO - THESAGRO | |
| Cabeçalho tópico ou nome geográfico | GUIANA FRANCESA |
| 650 ## - ASSUNTO - THESAGRO | |
| Cabeçalho tópico ou nome geográfico | ARACEAE |
| 773 0# - ENTRADA ANALÍTICA | |
| Host Biblionumber | 709 |
| Registro do item | 345666 |
| Imprenta | Rio de Janeiro-RJ Jardim Botanico do Rio de Janeiro 1935 |
| Outro identificador | 2024-6298 |
| Título | Rodriguésia (Brazil) |
| ISSN | 0370-6583; 2175-7860 on-line |
| Colação | v. 56(88) p. 61-64; (2005) |
| Número de controle de registro | BR2024003355 |
| 856 ## - ACESSO E ENDEREÇO ELETRÔNICO | |
| Identificador uniforme de recurso - URI | https://www.scielo.br/j/rod/a/LWCPJPhS9C94hWkqmCWcBQh/?format=pdf&lang=en |
Nenhum exemplar disponível.

BINAGRI